Of kids & parents /

Hlavní autor: Hakl, Emil, 1958-
Jazyk: Angličtina
Vydáno: Prague : Twisted Spoon Press, 2008
Vydání: 1st ed.
Témata:
Fyzický popis: 153 s. ; 21 cm
Knihy
Uloženo v:
LEADER 01066nam a2200337 a 4500
001 nkc20071781790
003 CZ PrNK
005 20130701132401.0
007 ta
008 071204s2008 xr g 000 f eng
015 |a cnb001781790 
020 |a 978-80-86264-30-1  |q (brož.) 
035 |a (OCoLC)316297180 
040 |a BOA001  |b cze 
041 1 |a eng  |h cze 
072 7 |a 821.162.3-3  |x Česká próza  |2 Konspekt  |9 25 
080 |a 821.162.3-31  |2 MRF 
080 |a (0:82-31)  |2 MRF 
100 1 |a Hakl, Emil,  |d 1958-  |7 jn20000400849  |4 aut 
240 1 0 |a O rodičích a dětech.  |l Anglicky  |7 aun2013769077 
245 1 0 |a Of kids & parents /  |c Emil Hakl ; translated from Czech by Marek Tomin 
250 |a 1st ed. 
260 |a Prague :  |b Twisted Spoon Press,  |c 2008 
300 |a 153 s. ;  |c 21 cm 
655 7 |a české romány  |7 fd133974  |2 czenas 
655 9 |a Czech fiction  |2 eczenas 
910 2 |a BOA001  |b 2-1208.398 
990 |a BK 
995 |a 01 
991 |b 200807 
996 6 |b 2610348927  |c 2-1208.398  |l MZK  |r Sklad / do 1 hodiny  |n 2  |p p.v.  |w 001068921  |u 000010  |a 1  |e BOA001  |j MZK50  |s P